| 000 | 00741nam a2200253 i 4500 | ||
|---|---|---|---|
| 001 | 8127 | ||
| 003 | ES-MaACL | ||
| 005 | 20231021062523.0 | ||
| 007 | t| | ||
| 008 | 920224s1991 sp ||||1| spa d | ||
| 020 | _a84-7223-238-7 | ||
| 080 | _a82-311.2"19" | ||
| 080 | _a82(Gordimer,N.7 H.03=6) | ||
| 100 | 1 |
_aGordimer, Nadine. _959148 |
|
| 245 | 1 | 3 |
_aLa Hija de Burger / _cNadine Gordimer ; traducción de Iris Menéndez. |
| 250 | _a[2ª ed.]. | ||
| 260 |
_aBarcelona : _bTusquets, _c1991. |
||
| 300 |
_a381 p. ; _c21 cm. |
||
| 490 | 1 |
_aColección Andanzas ; _v38 |
|
| 700 | 1 |
_aMenéndez, Iris. _980287 |
|
| 830 | 0 | 0 |
_aColección Andanzas _v38 _9234359 |
| 852 |
_aES-MaACL _jL-15520 _bR.119874 |
||
| 999 |
_c8127 _d8127 |
||